Normal view
MARC view
Entry Personal Name
001 - CONTROL NUMBER
- control field: 168217
003 - CONTROL NUMBER IDENTIFIER
- control field: OSt
005 - DATE AND TIME OF LATEST TRANSACTION
- control field: 20220923224755.0
008 - FIXED-LENGTH DATA ELEMENTS
- fixed length control field: 220923|| aca||aabn | a|a d
040 ## - CATALOGING SOURCE
- Original cataloging agency: OSt
- Transcribing agency: OSt
100 ## - HEADING--PERSONAL NAME
- Personal name: देराश्री, सत्यदेव; नाथूरामका, लक्ष्मीनारायण
670 ## - SOURCE DATA FOUND
- Source citation: Work cat.: (OSt)373568: देराश्री, सत्यदेव; नाथूरामका, लक्ष्मीनारायण, भारतीय अर्थशास्त्र, 1964
